Eastern Utah Libraries Catalog: Duchesne, Heber, Roosevelt, & Vernal

Camp tiger / (Record no. 249252)

MARC details
000 -LEADER
fixed length control field 01760cam a22004098i 4500
001 - CONTROL NUMBER
control field on1022977900
003 - CONTROL NUMBER IDENTIFIER
control field OCoLC
005 - DATE AND TIME OF LATEST TRANSACTION
control field 20191002145051.0
008 - FIXED-LENGTH DATA ELEMENTS--GENERAL INFORMATION
fixed length control field 180202t20192019nyua b 000 1 eng
010 ## - LIBRARY OF CONGRESS CONTROL NUMBER
LC control number 2017061064
020 ## - INTERNATIONAL STANDARD BOOK NUMBER
International Standard Book Number 9780399173295
Qualifying information (hardcover)
020 ## - INTERNATIONAL STANDARD BOOK NUMBER
International Standard Book Number 0399173293
Qualifying information (hardcover)
035 ## - SYSTEM CONTROL NUMBER
System control number (OCoLC)1022977900
040 ## - CATALOGING SOURCE
Original cataloging agency DLC
Language of cataloging eng
Description conventions rda
Transcribing agency DLC
Modifying agency OCLCO
-- BDX
-- YDX
-- ORX
-- TP7
-- IUK
-- CLE
-- ILC
042 ## - AUTHENTICATION CODE
Authentication code pcc
-- lcac
049 ## - LOCAL HOLDINGS (OCLC)
Holding library UOKA
050 00 - LIBRARY OF CONGRESS CALL NUMBER
Classification number PZ7.1.C533
Item number Cam 2019
082 00 - DEWEY DECIMAL CLASSIFICATION NUMBER
Classification number [E]
Edition number 23
092 ## - LOCALLY ASSIGNED DEWEY CALL NUMBER (OCLC)
Classification number E CHOI
999 ## - SYSTEM CONTROL NUMBERS (KOHA)
Koha Dewey Subclass [OBSOLETE] 03449633
100 1# - MAIN ENTRY--PERSONAL NAME
Personal name Choi, Susan,
Dates associated with a name 1969-
Relator term author.
9 (RLIN) 5802410
245 10 - TITLE STATEMENT
Title Camp tiger /
Statement of responsibility, etc written by Susan Choi ; illustrated by John Rocco.
263 ## - PROJECTED PUBLICATION DATE
Projected publication date 1905
264 #1 - Production, Publication, Distribution, Manufacture, and Copyright Notice.
Place of production, publication, distribution, manufacture New York, NY :
Name of producer, publisher, distributor, manufacturer G. P. Putnam's Sons,
Date of production, publication, distribution, manufacture, or copyr [2019]
264 #4 - Production, Publication, Distribution, Manufacture, and Copyright Notice.
Date of production, publication, distribution, manufacture, or copyr �2019
300 ## - PHYSICAL DESCRIPTION
Extent 40 unnumbered pages :
Other physical details color illustrations ;
Dimensions 29 cm
336 ## - Content Type
Content type term text
336 ## - Content Type
Content type term still image
337 ## - Media type
Media type term unmediated
338 ## - Carrier type
Carrier type term volume
520 ## - SUMMARY, ETC.
Summary, etc Every year, a boy and his family go camping at Mountain Pond. Usually, they see things like an eagle fishing for his dinner, a salamander with red spots on its back, and chipmunks that come to steal food while the family sits by the campfire. But this year is different. This year, the boy is going into first grade, and his mother is encouraging him to do things on his own, just like his older brother. And the most different thing of all... this year, a tiger comes to the woods.
650 #0 - SUBJECT ADDED ENTRY--TOPICAL TERM
Topical term or geographic name as entry element Camping
Form subdivision Juvenile fiction.
9 (RLIN) 5679246
650 #0 - SUBJECT ADDED ENTRY--TOPICAL TERM
Topical term or geographic name as entry element Tiger
Form subdivision Juvenile fiction
9 (RLIN) 5675957
650 #0 - SUBJECT ADDED ENTRY--TOPICAL TERM
Topical term or geographic name as entry element Families
Form subdivision Juvenile fiction
9 (RLIN) 5674031
700 1# - ADDED ENTRY--PERSONAL NAME
Personal name Rocco, John
Relator term illustrator.
9 (RLIN) 37799
942 ## - ADDED ENTRY ELEMENTS (KOHA)
Source of classification or shelving scheme Dewey Decimal Classification
Koha item type BOOK
Holdings
Withdrawn status Lost status Source of classification or shelving scheme Damaged status Not for loan Collection code Home library Current library Shelving location Date acquired Source of acquisition Total Checkouts Total Renewals Full call number Barcode Date last seen Date checked out Cost, replacement price Price effective from Koha item type
    Dewey Decimal Classification     Children Picture Books Wasatch County Library Wasatch County Library Main Floor Childrens Area 05/19/2020 Micromarketing 41 30 E Choi 34301001640335 01/26/2026 01/05/2026 17.99 05/19/2020 BOOK
This project was made possible through a grant from the Institute of Museum and Library Service administered by the Utah State Library Division.

Wasatch County Library

  • 465 East 1200 South, Heber City, Utah 84032
  • Phone 435-654-1511 | Fax 435-654-6456

Hours

  • Monday - Friday 9:30 AM - 8:00 PM
  • Saturday 9:30 AM - 1:30 PM
  • Closed Sundays and Holidays